书目信息 |
| 题名: |
新华联多元化路标
|
|
| 作者: | 邢旭动 桑海 著 | |
| 分册: | ||
| 出版信息: | 北京 中国经济出版社 2005 |
|
| 页数: | 348 | |
| 开本: | 23cm | |
| 丛书名: | ||
| 单 册: | ||
| 中图分类: | F279.29 | |
| 科图分类: | ||
| 主题词: | 企业经济 | |
| 电子资源: | ||
| ISBN: | 7-5017-6969-9 | |
| 000 | 00637nam0 2200193 450 | |
| 001 | 0760515518 | |
| 005 | 20070817164835.51 | |
| 010 | @a7-5017-6969-9@d¥38.00 | |
| 100 | @a20070817d km y0chiy0120 ea | |
| 101 | 0 | @achi |
| 200 | 1 | @a新华联多元化路标@Axin hua lian duo yuan hua lu biao@eCE模式的中国范本@f邢旭动 桑海著@Fxing xu dong sang hai zhu |
| 210 | @a北京@c中国经济出版社@d2005 | |
| 215 | @a348@d23cm | |
| 517 | 1 | @aCE模式的中国范本@ACE mo shi de zhong guo fan ben |
| 606 | 0 | @a企业经济 |
| 690 | @aF279.29@v3 | |
| 701 | 0 | @a邢旭动 桑海@Axing xu dong sang hai@4著 |
| 801 | 0 | @aCN@bPFT@c20070817 |
| 905 | @a213230@dF279.29@eg196@f1 | |
| 新华联多元化路标:CE模式的中国范本/邢旭动 桑海著.-北京:中国经济出版社,2005 |
| 348;23cm |
| ISBN 7-5017-6969-9:¥38.00 |
| ● |
| 相关链接 |
|
|
|
|
正题名:新华联多元化路标
索取号:F279.29/g196
 
预约/预借
| 序号 | 登录号 | 条形码 | 馆藏地/架位号 | 状态 | 备注 |
| 1 | 6502641 | 265026410 | 密集书库-海洋学院/ [索取号:F279.29/g196] | 在馆 |